Panchayati raj system in India / (Record no. 21062)

MARC details
000 -LEADER
fixed length control field 01030nam a22002417a 4500
008 - FIXED-LENGTH DATA ELEMENTS--GENERAL INFORMATION
fixed length control field 090115t xxu||||| |||| 00| 0 eng d
010 ## - LCCN (DPL NO)
LC control number ENG-92541 B-355871
020 ## - INTERNATIONAL STANDARD BOOK NUMBER
Terms of availability 550.00
International Standard Book Number 9788189886783
035 ## - SYSTEM CONTROL NUMBER
System control number EN-76074
035 ## - SYSTEM CONTROL NUMBER
System control number B-355871
037 ## - SOURCE OF ACQUISITION
Source of stock number/acquisition DBAD / PUB
040 ## - CATALOGING SOURCE
Original cataloging agency dpl
Language of cataloging English
082 ## - DEWEY DECIMAL CLASSIFICATION NUMBER
Classification number 352.007220954
100 ## - MAIN ENTRY--PERSONAL NAME
Personal name Dharmaraj, S.
245 ## - TITLE STATEMENT
Title Panchayati raj system in India /
Statement of responsibility, etc by S. Dharamraj
260 ## - PUBLICATION, DISTRIBUTION, ETC. (IMPRINT)
Place of publication, distribution, etc Delhi
Name of publisher, distributor, etc Abhijeet Publications
Date of publication, distribution, etc 2008
300 ## - PHYSICAL DESCRIPTION
Extent x, 171p.
Dimensions 21cm (Hb)
500 ## - GENERAL NOTE
General note Includes bibliographical reference and index
650 ## - SUBJECT ADDED ENTRY--TOPICAL TERM
Topical term or geographic name as entry element Panchayat
Geographic subdivision India.
942 ## - ADDED ENTRY ELEMENTS (KOHA)
Source of classification or shelving scheme Dewey Decimal Classification
Item type English Books
Call number suffix DHA
Classification part 352.007220954
Holdings
Withdrawn status Lost status Source of classification or shelving scheme Damaged status Not for loan Collection code Home library Current library Date acquired Source of acquisition Cost, normal purchase price Total Checkouts Full call number Barcode Date last seen Copy number Cost, replacement price Koha item type
    Dewey Decimal Classification   Not For Loan Non-fiction D.B.Act.Division D.B.Act.Division 15/01/2009 DBAD / PUB 550.00   352.007220954 DHA EN-76074 15/01/2009 1 550.00 English Books
    Dewey Decimal Classification     Non-fiction Vinoba Puri Vinoba Puri 24/08/2009 DBAD / PUB 550.00 2 352.007220954 DHA B-355871 30/05/2018 1 550.00 English Books

© Delhi Public Library
Hit Counter
free hit counter